Οριενταλισμός

Αποθηκεύτηκε σε:
Λεπτομέρειες βιβλιογραφικής εγγραφής
Κύριος συγγραφέας: Said, Edward W.
Άλλοι συγγραφείς: Τερζάκης, Φώτης, 1959- (Μεταφραστής)
Μορφή: Βιβλίο
Γλώσσα:Greek
English
Δημοσίευση: Αθήνα : Νεφέλη, 1996.
Σειρά:Θεωρία - Κριτική ; 1
Θέματα:
Ετικέτες: Προσθήκη ετικέτας
Δεν υπάρχουν, Καταχωρήστε ετικέτα πρώτοι!

MARC

LEADER 00000cam a2200000 i 4500
001 1/8402
008 961031s1996 gr | ||| |||| ||gre||
020 |a 9602112387 
035 |l 10017082 
040 |a GR-MyUa  |b gre  |e AACR2 
041 1 |a gre  |h eng 
082 7 |a 950.072   |2 (21)  
100 1 |a Said, Edward W. 
245 1 0 |a Οριενταλισμός /   |c Edward D. Said ; μετάφραση Φώτης Τερζάκης.  
260 |a Αθήνα :   |b Νεφέλη,   |c 1996.  
300 |a 426 σ. ;   |c 24 εκ.  
490 1 |a (Θεωρία - Κριτική ;   |v 1)  
500 |a Τίτλος πρωτοτύπου: Orientalism.  
504 |a Περιλαμβάνει βιβλιογραφικές παραπομπές και ευρετήριο.  
650 0 |a Orientalism. 
650 0 |a Imperialism. 
650 0 |a East and West. 
651 0 |a Middle East  |x Study and teaching. 
651 0 |a Middle East  |x Foreign public opinion, Occidental. 
651 0 |a Asia  |x Foreign public opinion, Occidental. 
651 0 |a Asia  |x Study and teaching. 
700 1 |a Τερζάκης, Φώτης,   |d 1959-  |e trl 
830 0 |a Θεωρία - Κριτική ;  |v 1 
852 |a INST  |b LESVOS  |e 19970314  |h 950.072 SAI  |p 005100011785  |q 005100011785  |t BK  |y 12 
852 |a INST  |b LESVOS  |e 19961031  |h 950.072 SAI  |p 005100012679  |q 005100012679  |t BK  |y 0 
852 |a INST  |b LESVOS  |e 20020207  |h 950.072 SAI  |p 005100028390  |q 005100028390  |t BK  |y 0 
852 |a INST  |b LESVOS  |e 20060116  |h 950.072 SAI  |p 005100031071  |q 005100031071  |t BK  |y 0 
852 |a INST  |b RHODES  |e 20001110  |h 950.072 SAI  |p 005400017520  |q 005400017520  |t BK  |y 0 
852 |a INST  |b RHODES  |e 20041209  |h 950.072 SAI  |p 005400018025  |q 005400018025  |t BK  |y 0 
852 |a INST  |b SYROS  |e 20041221  |h 950.072 SAI  |p 005500004319  |q 005500004319  |t BK  |y 4  |x 20210323 
852 |a INST  |b SYROS  |e 20060706  |h 950.072 SAI  |p 005500005047  |q 005500005047  |t BK  |y 0 
901 |a BIBL5-2006-2 
901 |a BIBL4-2000-3 
901 |a BIBL5-2004-3 
920 |a Αναμόρφωση  |b ΕΠΕΑΕΚ ΙΙ-ΤΜΣΠΣ  |y Σύρος  |z 2006-06 
920 |a Διεύρυνση  |b ΕΠΕΑΕΚ-ΤΜΣΠΣ  |y Σύρος  |z 2004-10 
922 |a 4ΕΛΗ  |b 200007  |c ΚΠΣ/124 
922 |a 4ΕΛΗ  |b 200412  |c Βιβλιοθήκη  |d Δέντρο 
950 |a 094 
970 |a Κοντού  |b Παρασκευή  |z 21/12/2004